000 00907cam a2200205 4500
001 WB3802-05
008 020116n2002 000 0 eng u
035 _a(Sirsi) u116315
245 _aBuilding growth to level off
260 _c2002
490 _aBuilding
_v267(8216) 11 January 2002, 20(1)
520 _aThree industry reports, Euroconstruct, Construction Forecasting and Research and Consumer Products Association, agree that construction growth in Britain will decline as a result on the global slowdown. The reports support an RICS survey on construction activity. However forecasters believe government spending will protect construction from the worst of the slowdown.
590 _aWB
650 _aCONSTRUCTION INDUSTRY
650 _aCONSTRUCTION GROWTH
650 _aCONSTRUCTION OUTPUT
650 _aECONOMIC DECLINE
690 _aBUILT ENVIRONMENT-CONSTRUCTION MARKET
942 _n0
999 _c69290
_d69290